|
|
|
|
| LEADER |
00000nam0a2200000 4500 |
| 001 |
343573 |
| 005 |
20231102005555.0 |
| 010 |
|
|
|a 9785534110210
|
| 035 |
|
|
|a (RuTPU)RU\TPU\book\373983
|
| 090 |
|
|
|a 343573
|
| 100 |
|
|
|a 20191010d2019 m y0rusy50 ca
|
| 101 |
0 |
|
|a rus
|
| 102 |
|
|
|a RU
|
| 105 |
|
|
|a a j 001zy
|
| 200 |
1 |
|
|a Физика пучков заряженных частиц и ускорительная техника: высокочастотные дефлекторы
|e учебное пособие для вузов
|f А. А. Завадцев [и др.]
|g Национальный исследовательский ядерный университет "МИФИ"
|
| 205 |
|
|
|a 2-е изд.
|
| 210 |
|
|
|a Москва
|c Юрайт
|d 2019
|
| 215 |
|
|
|a 179 с.
|c ил.
|
| 225 |
1 |
|
|a Университеты России
|
| 300 |
|
|
|a Авт. указаны на обороте тит. л.
|
| 320 |
|
|
|a Библиогр.: с. 175-177
|
| 330 |
|
|
|a Монография содержит новые результаты исследований характеристик высокочастотных дефлекторов, предназначенных для метрики коротких пучков ускоренных электронов в линейном ускорителе, входящем в состав создаваемого лазера на свободных электронах XFEL (Германия). Рассмотрены электродинамические характеристики отклоняющих структур с различными способами стабилизации плоскости поляризации дипольной волны, выбрана оптимальная конструкция ячеек в отклоняющей секции дефлектора, представлены различные варианты узла ввода мощности с симметризацией электрического поля в области пролета пучка, описана программа расчета характеристик отклоняющей структуры с вводом мощности с использованием метода эквивалентных схем. Описана оригинальная методика измерения поперечного шунтового сопротивления с использованием специальных возмущающих тел в автоматизированной системе на базе сетевого векторного анализатора. Монография предназначена для научных работников, аспирантов, магистрантов, бакалавров, студентов, специализирующихся в области ускорителей заряженных частиц, радиофизики.
|
| 606 |
1 |
|
|a Ускорители заряженных частиц
|2 stltpush
|3 (RuTPU)RU\TPU\subj\74441
|9 86712
|
| 610 |
1 |
|
|a высокочастотные дефлекторы
|
| 610 |
1 |
|
|a ВЧ-дефлекторы
|
| 610 |
1 |
|
|a отклоняющие структуры
|
| 610 |
1 |
|
|a ячейки
|
| 610 |
1 |
|
|a конструкции
|
| 610 |
1 |
|
|a расчет
|
| 610 |
1 |
|
|a проектирование
|
| 610 |
1 |
|
|a настройка
|
| 610 |
1 |
|
|a экспериментальные исследования
|
| 610 |
1 |
|
|a учебные пособия
|
| 675 |
|
|
|a 621.384.6(075.8)
|v 4
|
| 701 |
|
1 |
|a Завадцев
|b А. А.
|
| 701 |
|
1 |
|a Завадцев
|b Д. А.
|
| 701 |
|
1 |
|a Каминский
|b В. И.
|
| 701 |
|
1 |
|a Смирнов
|b А. Ю.
|
| 701 |
|
1 |
|a Собенин
|b Н. П.
|
| 712 |
0 |
2 |
|a Национальный исследовательский ядерный университет "МИФИ"
|c (2009- )
|2 stltpush
|3 (RuTPU)RU\TPU\col\16390
|9 26391
|
| 801 |
|
1 |
|a RU
|b 63413507
|c 20191010
|
| 801 |
|
2 |
|a RU
|b 63413507
|c 20191121
|g RCR
|
| 942 |
|
|
|c BK
|
| 959 |
|
|
|a 14/20191009
|d 1
|e 416,23
|f ЧЗТЛ:1
|